[Event "USA-ch Juniors 2018"]
[Site "Saint Louis"]
[Date "2018.07.13"]
[Round "2"]
[White "Brattain, Mika"]
[Black "Patel, Advait"]
[Result "0-1"]
[WhiteElo "2399"]
[BlackElo "2461"]
[Annotator "TA"]
[PlyCount "140"]
[EventDate "2018.07.12"]
[EventType "tourn"]
[EventCountry "USA"]
[SourceTitle "playchess.com"]
[Source "ChessBase"]
[SourceQuality "1"]

{[%evp 33,140,25,29,-62,44,38,47,31,84,20,14,14,17,19,9,0,27,37,35,-24,24,-13,-24,-23,-19,-56,-22,-54,-44,-51,-48,-37,-45,-66,-59,-150,0,0,0,0,0,0,-2,-18,-5,-68,-6,-55,0,-217,0,0,28,-22,-20,-14,-21,-13,-3,-6,-11,-11,-10,-11,0,0,0,-11,0,0,0,0,0,0,0,0,0,0,0,0,0,-10,-10,-11,-13,-16,-16,-36,0,-31,-31,-206,-152,-138,0,-222,-87,-95,-109,-1048,-1125,-871,-845,-12840,-12841,-12845,-12845,-12845,-12846]} 1. d4 Nf6 2. c4 g6 3. Nc3 Bg7 4. e4 d6 5. Be2 O-O 6. Nf3 {[%cal Bg1f3,Bf3e1,Be1d3][%mdl 32]} e5 7. O-O Nc6 8. d5 Ne7 9. Ne1 Nd7 10. Be3 f5 11. f3 f4 12. Bf2 g5 13. a4 a5 14. Nd3 b6 15. Be1 Nf6 {E99: King's Indian: Classical Main Line: 9 Ne1 Nd7 10 f3 f5} (15... Ng6 16. Nb5 Rf7 17. b4 Nf6 18. Nf2 h5 19. h3 Nh4 20. bxa5 bxa5 21. c5 Bf8 22. c6 Rg7 23. Ra3 {0-1 (34) Likavsky,T (2432)-Manik,M (2448) Velky Cetin 2018}) 16. Nf2 h5 17. h3 Rf7 {LiveBook: 5 Games. White has an edge.} 18. b4 ({Better is} 18. Nb5 $11) 18... Bf8 ({Black should try} 18... axb4 $15 19. Nb5 c6) 19. bxa5 $14 bxa5 20. Nb5 Rg7 {[#]} (20... Ng6 $14) 21. Kh2 $146 (21. c5 $1 $16 {[%mdl 512]}) ({Predecessor:} 21. Bc3 Bd7 22. Qe1 Qc8 23. Ra2 {½-½ (60) Geringer,W (1965)-Faldum,M (1789) Frankfurt 2010}) 21... Ng6 $11 22. Rh1 Nh8 23. Kg1 Nf7 24. Bc3 g4 25. hxg4 hxg4 26. Kf1 (26. fxg4 $14 Bd7 27. Bf3) 26... Bd7 27. Ke1 c6 28. dxc6 Bxc6 29. Kd2 Qb6 30. Qe1 Ng5 31. Kc2 gxf3 32. gxf3 Qe3 33. Ra3 ({Don't blunder} 33. Rh6 $2 Ngxe4 $1 {[%mdl 512]} 34. fxe4 Rg2 $17) 33... Bxb5 34. cxb5 (34. axb5 $15 Nxf3 35. Bxf3 Qxf3 36. Bb2) 34... d5 (34... Nxf3 $17 35. Bxf3 Qxf3) 35. Rb3 $1 Rc8 36. Kb2 dxe4 37. Bxe5 Qc5 38. Bc3 exf3 39. Bd3 (39. Bxf3 $11 Re7 40. Nd3 Nxf3 41. Qd1) 39... Re7 $1 $15 {[%cal Re7e1]} 40. Qd2 Bg7 (40... Nd5 $1 $15 41. Rh8+ Kf7) 41. Kb1 $2 (41. Rc1 $1 $11 {and White stays safe.}) 41... Nd5 $2 (41... Nfe4 $19 42. Nxe4 Nxe4 43. Bxe4 Rxe4 44. Bxg7 Qf5) 42. Bxg7 $11 Rxg7 43. Rc1 (43. b6 $5) 43... Qxc1+ 44. Qxc1 Rxc1+ 45. Kxc1 {Black must now prevent b6.} Rc7+ 46. Kd2 $132 {[%mdl 2048] Strongly threatening b6. White is fighting back} Nb6 $1 47. Rc3 Rxc3 48. Kxc3 {[%mdl 4096] Endgame KBN-KNN} Ne6 49. Bc2 Kf7 50. Bd1 Ke7 51. Ne4 Nd5+ 52. Kd2 Nb6 53. Kc3 Kd7 54. Kd3 Kc7 55. Kd2 Nc4+ 56. Kc3 Ne5 57. Kd2 Nd4 58. Kc3 Ne2+ 59. Kd2 Ng3 60. Nf2 Kb6 61. Kc3 Kc5 62. Kd2 $2 (62. Bb3 $15) 62... Kd4 63. Bb3 Kc5 (63... Nf5 $17 64. Ke1 Nd6) 64. Bd1 $19 {[#]} Nf1+ $1 65. Kc3 Ne3 66. Bxf3 $2 {[%mdl 8192]} (66. Bb3 $17) 66... Nxf3 {Black is clearly winning.} 67. Nd3+ Kd6 68. b6 Nd5+ 69. Kc4 Ne5+ 70. Nxe5 Kxe5 {Precision: White = 42%, Black = 67%.} (70... Nxb6+ 71. Kd4 $15) 0-1

[Event "USA-ch Juniors 2018"]
[Site "Saint Louis"]
[Date "2018.07.13"]
[Round "2"]
[White "Bian, Alex"]
[Black "Tang, Andrew"]
[Result "1-0"]
[WhiteElo "2291"]
[BlackElo "2507"]
[Annotator "TA"]
[PlyCount "61"]
[EventDate "2018.07.12"]
[EventType "tourn"]
[EventCountry "USA"]
[SourceTitle "playchess.com"]
[Source "ChessBase"]
[SourceQuality "1"]

{[%evp 17,61,12,8,-54,-51,-41,17,12,24,-23,-20,-28,-19,-66,-68,-62,-70,-77,-62,-71,-45,-45,0,0,10,0,20,42,592,584,625,605,637,646,848,866,881,844,1196,1066,943,729,948,959,1244,787]} 1. e4 e5 2. Nf3 Nc6 3. d4 exd4 4. Nxd4 Bc5 5. Be3 Qf6 6. c3 Nge7 7. Bc4 O-O 8. O-O b6 9. Qd2 {C45: Scotch Game} (9. Nc2 Ne5 10. Be2 Bb7 11. f4 N5g6 12. e5 Qe6 13. b4 Bxe3+ 14. Nxe3 Nh4 15. Bg4 f5 16. Be2 Kh8 {0-1 (34) Kasparov,G (2812)-Caruana,F (2795) Saint Louis 2016}) 9... Qg6 {LiveBook: 17 Games} 10. b4 (10. Nxc6 $11 Nxc6 11. Bxc5 bxc5 12. Na3) 10... Bxd4 $1 $15 11. cxd4 {Black is slightly better.} Qxe4 (11... d5 $1 $15 12. exd5 Nxb4) 12. Nc3 $11 Qg6 13. b5 $146 {[#] Threatens to win with Bd3.} ({Predecessor:} 13. Nb5 d5 14. Bd3 Bf5 15. Bxf5 Nxf5 16. Nxc7 Rad8 {0-1 (27) Kaderabek,J (2192)-Vasilev,V (2368) Sunny Beach 2010}) 13... Na5 14. Bd3 f5 {[%cal Bf7f5,Bf5f4][%mdl 32]} 15. d5 Bb7 16. Be2 Qf7 {[%cal Re7d5]} 17. Rac1 {[%cal Ba1c1,Bc1c7,Bc7a7,Ba7b7,Bb7b6,Bb6g6][%mdl 32]} f4 18. Bd4 Nxd5 19. Nxd5 Bxd5 20. Rxc7 Rac8 21. Rxa7 Bxg2 {...Qg6 is the strong threat.} 22. Bg4 $1 Nb7 $2 {[%mdl 8192]} ({Avoid the trap} 22... Bxf1 $2 23. Rxd7 Qg6 24. Rxg7+ Qxg7 25. Bxg7 $18) ({Better is} 22... Bb7 $1 $14 23. Bxb6 h5) 23. Kxg2 $18 {White is clearly winning.} Qg6 {[#]} 24. Qd1 $1 h5 25. Rxb7 Rf7 26. Rxb6 Qg5 27. h4 Qxh4 28. Rg6 hxg4 29. Qxg4 f3+ 30. Kg1 {[%cal Rg6g7]} Qh7 31. Re1 {Precision: White = 72%, Black = 35%.} 1-0

[Event "USA-ch Juniors 2018"]
[Site "Saint Louis"]
[Date "2018.07.14"]
[Round "3"]
[White "Burke, John Michael"]
[Black "Bian, Alex"]
[Result "1-0"]
[WhiteElo "2608"]
[BlackElo "2291"]
[Annotator "TA"]
[PlyCount "75"]
[EventDate "2018.07.12"]
[EventType "tourn"]
[EventCountry "USA"]
[SourceTitle "playchess.com"]
[Source "ChessBase"]
[SourceQuality "1"]

{[%evp 31,75,60,66,59,61,50,66,50,75,59,85,65,63,59,59,53,60,-65,22,18,114,105,113,109,82,0,0,0,0,-55,-21,-67,49,0,0,0,64,66,58,3667,29977,29979,29979,29980,29980,29981]} 1. e4 c5 2. Nf3 Nc6 3. d4 cxd4 4. Nxd4 g6 5. c4 Nf6 6. Nc3 d6 7. Be2 Nxd4 8. Qxd4 Bg7 9. Be3 O-O 10. Qd2 Be6 11. O-O Qa5 12. b3 {B36: Sicilian: Maroczy Bind: Gurgenidze System} (12. Rab1 Rfc8 13. b3 Ng4 14. Bd4 Bxd4 15. Qxd4 Nf6 16. Rfe1 Qb4 17. Bf1 a6 18. Nd5 Bxd5 19. exd5 Rc7 20. Re3 b5 21. Rbe1 Raa7 {½-½ (37) Eljanov,P (2700)-Tahbaz,A (2434) Sharjah 2018}) 12... Rfc8 13. Rfc1 a6 14. Rab1 Qd8 15. f3 Nd7 16. Nd5 Bxd5 {LiveBook: 3 Games} 17. exd5 a5 18. a3 b6 19. Bf1 h5 $146 ({Predecessor:} 19... Nc5 20. b4 axb4 21. axb4 Nd7 22. Bd4 Bxd4+ 23. Qxd4 {0-1 (36) Vehi Bach,V (2416)-Vila Gazquez,X (2246) Barcelona 2003}) 20. g3 Kh7 21. Qf2 Rcb8 22. h3 Qh8 23. g4 Kg8 24. Be2 (24. Rd1 $14) 24... Nc5 (24... Bb2 $15) 25. Kg2 a4 (25... Bb2 $11 {keeps the balance.}) 26. b4 $16 Nb3 27. Rd1 Bb2 {[#]} 28. gxh5 ({Of course not} 28. Bxb6 Bxa3 29. c5 Qe5 $15) (28. Rxb2 $1 $16 Qxb2 29. gxh5) 28... Bxa3 $11 29. hxg6 ({But not} 29. Bxb6 Bxb4 30. hxg6 Bc5 $17) 29... Bxb4 30. f4 (30. Qg3 $11) 30... Bc5 31. Bg4 a3 ({Better is} 31... fxg6 $15 32. Be6+ Kf8) 32. Rxb3 {Threatens to win with gxf7+.} a2 $1 {[%cal Ra2a1]} 33. gxf7+ Kf8 (33... Kxf7 $11 34. Bxc5 bxc5 35. Rxb8 Rxb8) 34. Be6 $1 $14 Qg7+ 35. Kh2 a1=Q 36. Rxa1 {White mates.} Qxa1 {[#]} 37. Bxc5 $1 Ra2 {[#]} 38. Rg3 $3 {[%mdl 512] Precision: White = 38%, Black = 50%.} 1-0

[Event "USA-ch Juniors 2018"]
[Site "Saint Louis"]
[Date "2018.07.14"]
[Round "3"]
[White "Tang, Andrew"]
[Black "Balakrishnan, Praveen"]
[Result "0-1"]
[WhiteElo "2507"]
[BlackElo "2411"]
[Annotator "TA"]
[PlyCount "82"]
[EventDate "2018.07.12"]
[EventType "tourn"]
[EventCountry "USA"]
[SourceTitle "playchess.com"]
[Source "ChessBase"]
[SourceQuality "1"]

{[%evp 18,82,0,0,0,0,-2,-7,0,0,9,-48,-48,-108,-121,-107,-108,-113,-104,-104,-124,-148,-168,-155,-140,-137,-114,-167,-177,-176,-200,-194,-174,-214,-209,-280,-279,-268,-264,-297,-293,-298,-308,-363,-253,-283,-275,-262,-276,-321,-287,-282,-295,-298,-295,-288,-262,-288,-269,-322,-266,-393,-280,-378,-392,-624,-609]} 1. d4 Nf6 2. Bf4 d5 3. e3 c5 4. Nf3 Nc6 5. Nbd2 Qb6 (5... cxd4 6. exd4 Bf5 7. c3 e6 8. Qb3 Bd6 9. Bg3 Bxg3 10. hxg3 Qd6 11. Qxb7 Rb8 12. Qa6 O-O {0-1 (36) Caruana,F (2816)-Grischuk,A (2766) Paris 2018}) 6. dxc5 {D02: 1 d4 d5 2 Nf3 sidelines, including 2...Nf6 3 g3 and 2...Nf6 3 Bf4} Qxb2 7. Rb1 Qc3 8. Bb5 e6 9. O-O Be7 10. Ne5 {LiveBook: 13 Games} Bd7 11. Nd3 O-O 12. Bc7 {[#] Hoping for Rb3.} b6 13. a4 $146 Ne8 (13... Bxc5 $2 14. Rb3 $18) 14. Rb3 (14. Be5 $11 Nxe5 15. Rb3) 14... Qa5 $15 15. Nb2 ({Better is} 15. Ne5 $15 Nxe5 16. Bxe5 Bxb5 17. axb5) 15... Nxc7 $17 {[#]} 16. Ndc4 $1 {[%mdl 512]} dxc4 17. Nxc4 Be8 18. Nxa5 Nxa5 19. Rb1 Nxb5 20. axb5 Bxc5 21. Qd3 f6 22. Rbd1 (22. Qe4 $17 Bf7 23. Ra1) 22... Bg6 $36 {[%mdl 2048] Black has strong initiative.} 23. Qd7 Rfe8 (23... Bxc2 24. Qxe6+ Rf7 25. Rd7 $11) 24. Qc7 Bf8 (24... Bxc2 25. Rd7 $11) 25. Rd7 Rec8 26. Qg3 Be8 (26... Rxc2 27. Qg4 $17) (26... Bxc2 27. Qg4 $17) 27. Rc7 Bxb5 28. Rd1 Nc4 29. Qf3 Nd6 (29... Rxc7 30. Qxa8 Ne5 31. h3 $17) 30. c4 Be8 (30... Rxc7 31. Qxa8 Bxc4 32. Qb8 $19 (32. Rxd6 $2 Bd5 $19)) (30... Nxc4 $2 31. Rxc8 Rxc8 32. Qb7 $19) 31. c5 bxc5 ({Less strong is} 31... Rxc7 32. cxd6 Rcc8 33. d7 $17) 32. Rxc5 a5 {[%cal Ba7a5,Ba5a4][%mdl 32]} ({Don't take} 32... Rxc5 33. Qxa8 a5 34. f3 $17) 33. h4 a4 ({Not} 33... Rxc5 34. Qxa8 Bc6 35. Qb8 $19) 34. Rxc8 Rxc8 35. Qg4 Bd7 36. Qb4 Ra8 37. Rd3 Be8 38. Kh2 h6 39. h5 (39. f4 {keeps fighting.}) 39... Ra7 40. Qb8 Ra6 41. g3 (41. Qb1 $142) 41... Bxh5 {Precision: White = 34%, Black = 70%.} 0-1

[Event "USA-ch Juniors 2018"]
[Site "Saint Louis"]
[Date "2018.07.14"]
[Round "3"]
[White "Chandra, Akshat"]
[Black "Li, Ruifeng"]
[Result "1-0"]
[WhiteElo "2486"]
[BlackElo "2583"]
[Annotator "TA"]
[PlyCount "60"]
[EventDate "2018.07.12"]
[EventType "tourn"]
[EventCountry "USA"]
[SourceTitle "playchess.com"]
[Source "ChessBase"]
[SourceQuality "1"]

{[%evp 18,60,35,32,50,38,45,32,44,38,61,60,89,71,121,117,112,74,127,135,99,67,88,71,72,89,158,152,148,76,207,37,108,117,178,174,331,202,201,135,123,132,138,139,149]} 1. e4 Nc6 2. Nf3 e5 3. Bb5 {[%cal Bf1b5,Bb5a4,Ba4b3,Bb3d5][%mdl 32]} a6 4. Ba4 g6 5. d4 b5 6. Bb3 {C70: Spanische Partie (Abweichung im 4. Zug)} exd4 7. Nxd4 Na5 8. a4 (8. O-O Bg7 9. Re1 Ne7 10. e5 O-O 11. Bg5 c5 12. Bd5 Rb8 13. Nb3 Nxb3 14. axb3 {0-1 (31) Kramnik,V (2792)-Mamedyarov,S (2808) Paris 2018}) 8... b4 9. Bd5 c6 10. Ba2 {LiveBook: 5 Partien} Bg7 11. O-O Ne7 12. c3 c5 13. cxb4 cxd4 14. bxa5 $40 {[%mdl 128] Weiss hat was vor.} Qxa5 $146 15. b4 Qh5 16. Na3 O-O 17. Bb2 Nc6 (17... d5 $142) 18. Qd2 $16 Bb7 19. Bd5 Rab8 20. b5 $1 axb5 21. Nxb5 Ba6 ({Günstiger ist} 21... Rfc8) 22. Ba3 $1 Rfe8 {[#]} 23. Rfb1 (23. Rab1 $142 $1) 23... Ne5 (23... d3 $16) 24. Qf4 $2 ({Nicht} 24. Nxd4 Nd3 $14) ({Lieber} 24. Bd6 $18) 24... Bh6 (24... g5 $1 $14 25. Qg3 Ng6) 25. Qg3 {Droht stark Sd6.} Bxb5 (25... d3 $16) 26. axb5 $18 {Ld6 ist eine echte Drohung.} Rb6 $2 (26... Bf8 27. Bxf8 Kxf8) 27. h3 {Droht f4 und aus.} Rf6 28. Bc1 Bxc1 29. Rxc1 Qe2 {[#]} 30. Rcb1 $1 Rb6 {Precision: Weiß = 68%, Schwarz = 50%.} 1-0

[Event "USA-ch Juniors 2018"]
[Site "Saint Louis"]
[Date "2018.07.14"]
[Round "3"]
[White "Patel, Advait"]
[Black "Liang, Awonder"]
[Result "1/2-1/2"]
[WhiteElo "2461"]
[BlackElo "2569"]
[Annotator "ChessBase"]
[PlyCount "60"]
[EventDate "2018.07.12"]
[EventType "tourn"]
[EventCountry "USA"]
[SourceTitle "playchess.com"]
[Source "ChessBase"]
[SourceQuality "1"]
[TimeControl "40/5400+30:1800+30"]

1. e4 {[%emt 0:00:00]} e5 {[%emt 0:00:00]} 2. Nf3 {[%emt 0:00:00]} Nc6 {[%emt 0:00:00]} 3. Bc4 {[%emt 0:00:13]} Bc5 {[%emt 0:00:22]} 4. c3 {[%emt 0:00:31]} Nf6 {[%emt 0:00:08]} 5. d3 {[%emt 0:00:16]} d6 {[%emt 0:00:16]} 6. Bb3 {[%emt 0:00:34]} Bb6 {[%emt 0:02:03]} 7. Nbd2 {[%emt 0:01:25]} Ne7 {[%emt 0:00:36]} 8. Nc4 {[%emt 0:01:19]} Ng6 {[%emt 0:00:28]} 9. O-O {[%emt 0:02:47]} O-O {[%emt 0:01:21]} 10. Re1 {[%emt 0:01:37]} Be6 {[%emt 0:04:32]} 11. Nxb6 {[%emt 0:19:12]} Bxb3 {[%emt 0:00:28]} 12. axb3 {[%emt 0:01:02]} axb6 {[%emt 0:00:23]} 13. Rxa8 {[%emt 0:00:24]} Qxa8 {[%emt 0:00:05]} 14. Bg5 {[%emt 0:00:19]} Qd8 {[%emt 0:12:56]} 15. Nh4 {[%emt 0:05:58]} Re8 {[%emt 0:14:10]} 16. Qf3 {[%emt 0:18:57]} h6 {[%emt 0:01:53]} 17. Bxf6 {[%emt 0:00:13]} Nxh4 {[%emt 0:00:08]} 18. Bxh4 {[%emt 0:00:18]} Qxh4 {[%emt 0:00:05]} 19. Ra1 {[%emt 0:00:42]} Qg5 {[%emt 0:04:40]} 20. Qe3 {[%emt 0:00:41]} Qe7 {[%emt 0:08:17]} 21. Ra7 {[%emt 0:02:24]} Rb8 {[%emt 0:00:51]} 22. g3 {[%emt 0:01:09]} Qd8 {[%emt 0:02:23]} 23. d4 {[%emt 0:02:16]} Ra8 {[%emt 0:05:43]} 24. Rxa8 {[%emt 0:00:07]} Qxa8 {[%emt 0:00:03]} 25. dxe5 {[%emt 0:00:14]} dxe5 {[%emt 0:00:06]} 26. Qd2 {[%emt 0:00:14]} c6 {[%emt 0:02:06]} 27. Kg2 {[%emt 0:00:54]} f6 {[%emt 0:00:53]} 28. Qd7 {[%emt 0:00:51]} Qa2 {[%emt 0:00:50]} 29. Qc8+ {[%emt 0:01:59]} Kh7 {[%emt 0:00:05]} 30. Qf5+ {[%emt 0:00:12]} Kh8 {[%emt 0:00:07]} 1/2-1/2

[Event "USA-ch Juniors 2018"]
[Site "Saint Louis"]
[Date "2018.07.14"]
[Round "3"]
[White "Wang, Annie"]
[Black "Brattain, Mika"]
[Result "0-1"]
[WhiteElo "2299"]
[BlackElo "2399"]
[Annotator "TA"]
[PlyCount "110"]
[EventDate "2018.07.12"]
[EventType "tourn"]
[EventCountry "USA"]
[SourceTitle "playchess.com"]
[Source "ChessBase"]
[SourceQuality "1"]

{[%evp 26,110,0,4,5,11,5,-12,-15,-17,-14,-38,-35,-93,-42,-27,-22,-133,-133,-213,-214,-214,-216,-233,-234,-235,-228,-239,-187,-249,-208,-208,-208,-210,-210,-210,-210,-213,-213,-214,-208,-212,-212,-208,-208,-215,-208,-204,-208,-208,-208,-215,-208,-215,-202,-214,-192,-193,-195,-189,-188,-219,-215,-321,-305,-447,-453,-616,-565,-512,-441,-29972,-29973,-29970,-29974,-29973,-29974,-29981,-29979,-29980,-29977,-29980,-29979,-29982,-29983,-29983,-29984]} 1. d4 Nf6 2. c4 g6 3. Nc3 Bg7 4. e4 d6 5. Nf3 O-O 6. Be2 e5 7. Be3 c6 8. O-O exd4 9. Nxd4 Re8 10. f3 d5 11. cxd5 Nxd5 12. Nxd5 cxd5 13. Qb3 Nc6 {E94: King's Indian: Classical: 6 Be2 e5 7 0-0: Various Black 7th moves} 14. Rad1 {[#] LiveBook: 38 Games} a6 $146 ({Predecessor:} 14... Nxd4 15. Bxd4 Bxd4+ 16. Rxd4 Qf6 17. Rd2 Qf4 18. Qc3 Be6 19. g3 Qh6 20. e5 d4 21. Rxd4 {1-0 (58) Rombaldoni,A (2539)-Kozul,Z (2617) Reykjavik 2015}) 15. Nxc6 bxc6 {The position is equal.} 16. exd5 Qe7 17. Bf2 {Strongly threatening d6.} cxd5 $1 ({Not} 17... Qxe2 $2 18. Rfe1 $18) 18. Rfe1 {And now Bb5 would win.} Be6 19. Qc2 ({Better is} 19. Rb1 $15) 19... Rec8 (19... Qb4 $17) 20. Qd2 $15 a5 {[%cal Ba6a5,Ba5a4][%mdl 32]} 21. Rc1 (21. Bd4 $11 {keeps the balance.}) 21... Qb4 $36 {[%mdl 2048] Keeping White busy.} 22. Be3 (22. Qxb4 $17 {is a better defense.} axb4 23. Rxc8+ Rxc8 24. Bd1) 22... Bxb2 ({But not} 22... Qxb2 23. Qxb2 Bxb2 24. Rxc8+ Rxc8 25. Ba6 $17) 23. Rxc8+ Rxc8 ({Don't do} 23... Bxc8 24. Rb1 $17) 24. Rd1 Qxd2 25. Bxd2 {[#]} a4 $1 26. Bd3 Kg7 27. Kf1 (27. Bb1 {was called for.}) 27... h5 28. a3 Bxa3 {Hoping for ...Bb2.} 29. Ra1 Bd6 {aiming for ...a3.} 30. Rxa4 Bxh2 31. Be3 Be5 32. Kf2 Bf6 33. Ke2 Rb8 34. Bc1 h4 35. Kf2 Rh8 36. Bf4 h3 37. gxh3 Bxh3 38. Bd6 Be6 39. Kg3 Rh5 40. Rb4 Be5+ 41. Bxe5+ Rxe5 $19 {[%mdl 4096] Endgame KRB-KRB} 42. Kf2 Kf6 43. Rb7 Rh5 44. Ke3 (44. f4 $142) 44... g5 45. Rb6 (45. Bb5 {might work better.}) 45... Ke5 46. Rb4 Rh4 47. Rb5 Ra4 48. Rb2 {[#]} (48. Be2 $19) 48... d4+ {Black mates.} 49. Kf2 Ra2 50. Rxa2 Bxa2 {KB-KB} 51. Ke2 Be6 52. Kf2 f6 53. Ke2 Bd5 54. Kf2 Kf4 55. Be2 Bc6 {Precision: White = 39%, Black = 82%.} 0-1

[Event "USA-ch Juniors 2018"]
[Site "Saint Louis"]
[Date "2018.07.15"]
[Round "4"]
[White "Li, Ruifeng"]
[Black "Brattain, Mika"]
[Result "1/2-1/2"]
[WhiteElo "2583"]
[BlackElo "2399"]
[Annotator "TA"]
[PlyCount "117"]
[EventDate "2018.07.12"]
[EventType "tourn"]
[EventCountry "USA"]
[SourceTitle "playchess.com"]
[Source "ChessBase"]
[SourceQuality "1"]

{[%evp 9,117,-31,9,0,10,8,43,4,2,-2,21,18,20,20,23,9,14,4,5,0,0,0,8,9,31,8,80,80,82,38,91,81,77,94,154,156,160,147,137,147,137,131,154,157,148,144,191,26,35,19,22,-27,0,0,0,0,0,0,0,0,0,0,0,0,0,0,0,-47,0,0,0,0,0,0,0,0,0,0,0,0,0,0,0,0,0,0,0,0,0,0,0,0,0,0,0,0,0,0,0,0,0,0,0,0,0,0,0,0,0,0]} 1. e4 c6 2. Ne2 d5 3. e5 d4 (3... Bg4 4. f3 Bd7 5. d4 e6 6. Be3 c5 7. c3 Nc6 8. Qd2 cxd4 9. cxd4 f6 10. f4 Nh6 11. Nbc3 {0-1 (57) Mamedov,R (2709)-Artemiev,V (2691) Huaian 2017}) 4. Ng3 Qd5 5. f4 Nh6 (5... g5 $5 6. fxg5 Bg7 $11) 6. c4 {B10: Caro-Kann: 2 d3 and 2 c4} Qd7 7. d3 f5 $146 ({Predecessor:} 7... c5 8. Be2 Nc6 9. O-O g6 10. Nd2 Bg7 11. Nde4 {½-½ (57) Fierro Baquero,M (2372)-Narciso Dublan,M (2540) La Massana 2010}) 8. exf6 {White is slightly better.} exf6 9. Be2 Bb4+ 10. Nd2 O-O 11. O-O f5 12. a3 Be7 13. b4 a5 14. Rb1 axb4 15. axb4 Na6 16. c5 $36 {[%mdl 2048] White has good play.} Nc7 17. Nc4 Nd5 (17... Qd8 $11 {remains equal.}) 18. Qb3 $16 {Nb6 is the strong threat.} Qe6 19. Bd2 Kh8 (19... Nc7 $14) 20. Bf3 Ng4 21. Rbe1 Qh6 ({Black should try} 21... Nge3) 22. Bxg4 $1 fxg4 23. Re5 ({Resist} 23. Nb6 $6 Nxb6 24. Rxe7 Nd5 $14) 23... Qg6 {[#]} 24. f5 $1 {[%cal Rf5g6]} ({Much worse is} 24. Nb6 $6 Nxb6 25. Rxe7 Nd5 $11) 24... Qf7 25. Ne4 Bf6 26. Ned6 Qg8 27. Re4 b5 {[#]} 28. Na5 $2 (28. Ne5 $1 $18) 28... Bd7 $11 29. Rxg4 Be5 30. Nab7 Nf6 31. Qxg8+ Kxg8 32. Rh4 Ra2 33. Bf4 Bxf4 34. Rhxf4 Nd5 35. Rxd4 Ne3 36. Rf3 $1 {[%cal Rf3e3]} Rxg2+ 37. Kh1 Re2 {( -> ...Re1+)} 38. h4 (38. Kg1 $5 {[%cal Rd4e4]} Nd5 39. Na5 $11) 38... Nxf5 39. Nxf5 {The position is equal.} Bxf5 40. Nd8 {[#]} Bh3 $1 {[%mdl 512]} 41. Rxf8+ (41. Rxh3 Rf1#) 41... Kxf8 {[%mdl 4096] Endgame KRB-KRN} 42. Rd6 Rb2 43. Nxc6 Bg2+ 44. Kg1 Bxc6 $1 45. Rxc6 Rxb4 {KR-KR} 46. Kf2 Ke7 47. Ke3 {Black must now prevent Rc7+.} Rxh4 48. Rb6 Kd7 49. d4 Rh3+ 50. Ke4 Rh4+ 51. Kd3 Rh3+ 52. Kd2 Rg3 53. Rxb5 h5 54. d5 {aiming for c6+.} Rg5 55. c6+ Kd6 56. Kd3 {Threatens to win with Rc5!} Rg3+ 57. Ke4 {Strongly threatening Rc5!} Rg4+ 58. Kf5 {And now Rb8 would win.} Rc4 59. Rb7 {Precision: White = 64%, Black = 67%.} 1/2-1/2

[Event "USA-ch Juniors 2018"]
[Site "Saint Louis"]
[Date "2018.07.15"]
[Round "4"]
[White "Liang, Awonder"]
[Black "Wang, Annie"]
[Result "1-0"]
[WhiteElo "2569"]
[BlackElo "2299"]
[Annotator "TA"]
[PlyCount "71"]
[EventDate "2018.07.12"]
[EventType "tourn"]
[EventCountry "USA"]
[SourceTitle "playchess.com"]
[Source "ChessBase"]
[SourceQuality "1"]

{[%evp 15,71,0,15,15,11,21,24,25,31,6,11,10,7,5,11,5,10,0,0,0,0,0,0,-44,19,-51,0,0,0,0,0,0,38,0,0,0,0,0,0,0,0,0,0,0,0,0,157,167,216,216,450,87,1015,996,1228,1211,29984,29985]} 1. Nf3 e6 2. g3 Nf6 3. Bg2 Be7 4. O-O d5 {[%cal Bd7d5,Bd5c4][%mdl 32]} 5. c4 O-O 6. d4 dxc4 7. Nc3 Nbd7 8. a4 c5 {LiveBook: 7 Games. E07: Closed Catalan: Main Line (5 Nf3 0-0 6 0-0 Nbd7)} (8... a5 9. e4 Nb6 10. Qe2 Bb4 11. e5 Nfd5 12. Ne4 Bd7 13. Nfg5 h6 14. Nh3 Be7 15. g4 f5 16. exf6 Nxf6 17. Nc5 e5 18. Nxd7 Qxd7 19. dxe5 Qxg4 20. f3 Qd4+ 21. Kh1 Nfd5 22. f4 Qd3 23. Qg4 Qf5 {½-½ (23) Romanov,E (2621)-Yakubboev,N (2462) Moscow 2018}) 9. e4 cxd4 10. Qxd4 Nc5 $146 {The position is equal.} ({Predecessor:} 10... Qc7 11. Bf4 Qc5 12. Rad1 Qxd4 13. Rxd4 Bc5 14. Rdd1 Re8 15. e5 Nd5 16. Nxd5 exd5 17. Rxd5 {½-½ (52) Puschendorf,S (2115)-Arns,A (1891) Wiesbaden 2017}) 11. Qxc4 b6 12. Rd1 Ba6 13. Qa2 Qc8 14. Bg5 {[#] aiming for e5.} h6 15. Bxf6 Bxf6 16. e5 Be7 17. Nb5 Bb7 18. b4 Na6 19. Rac1 Qe8 ({Black should play} 19... Qb8 $15) 20. Qb1 (20. Nd6 $11 Nxb4 21. Qb3 Bxd6 22. exd6) 20... Rc8 (20... Nxb4 $15 21. Nc7 Qxa4 22. Nxa8 Bxa8) 21. Rxc8 $11 Qxc8 22. Nd6 ({But not} 22. Nxa7 Qa8 $17) 22... Bxd6 $1 23. exd6 $40 {[%mdl 128] Black needs to defend precisely.} Rd8 (23... Qa8 $5 {[%cal Rb7f3]} 24. Ne1 Rd8 $11) 24. Ne5 {Black must now prevent Be4.} Bxg2 25. Kxg2 {Threatens to win with Qe4.} Qc3 26. Qe4 Nxb4 27. d7 {Hoping for Rd4.} Qc5 28. Rd4 f5 $1 {[%cal Rf5e4]} 29. Qh4 Nc6 30. Nf3 {Strongly threatening Rc4.} Qf8 $2 (30... Ne7 $1 $11) 31. Rc4 $16 {[%mdl 1024] White has strong compensation.} g5 {[#]} 32. Qh5 $1 Ne7 $2 (32... g4 {was worth a try.} 33. Rxc6 gxf3+ 34. Kxf3 (34. Qxf3 Qe7 $16) 34... Qf7 35. Qxh6 Qxd7 36. Qxe6+ (36. Qg6+ Kf8 $18) 36... Qxe6 37. Rxe6 Rd4) 33. Rc7 $2 (33. Ne5 $18 {and White stays clearly on top.}) 33... a6 $2 {[%mdl 8192]} (33... Qf6 $16) 34. Nd4 $18 Qf7 35. Qxh6 Ng6 36. Rc8 {Precision: White = 59%, Black = 40%.} 1-0